000
00310nam a2200133Ia 4500
008
231129s1993||||xx |||||||||||||| ||spa||
040
_b
spa
082
_a
E863.64 o42m
100
_a
Olaizola Jose Luis
245
0
_a
Micaela no sabe jugar
260
_c
1993
264
_a
Edilux Ediciones
942
_2
ddc
_c
BKS
999
_c
21151
_d
21151